00497nam a2200169 a 450008200150000010000270001524500190004226000390006130000180010050000350011850500140015365000160016770000270018394200070021095200950021799900150031200a297.4bHAL aHalli, Hasan Bin Yusuf aKashful Yaqeen aIranbIbraheem Tabreti Pressc1299 a282 and 101p. aincludes index and biblioraphy2 areference aSufism-Iran1 aHalli, Hasan Bin Yusuf cBK 00104070aHMIbHMId2007-09-10g100.00l0o297.4 HALp04777r2007-09-10w2026-01-16yEB c2535d2535